Game of Thrones: The Westerlands Houses Quiz - Statistics

General Stats
  • This quiz has been taken 40 times
  • The average score is 13 of 46
Answer Stats
Family Seat Saying Sigil % Correct
Lannister Casterly Rock Hear Me Roar! Gold Lion on Red
96%
Casterly Rock
81%
Hear me Roar!
58%
Clegane
54%
Westerling
54%
3 Silver Ships on Blue with a Border of Crimson and Gold
50%
Gold Lion on Red
50%
Crakehall
46%
Crakehall
46%
Brax
42%
Farman
38%
Lefford
38%
Marbrand
38%
Swyft
38%
Clegane's Keep
35%
Crag
35%
Golden Tooth
35%
Payne
31%
3 Grey Dogs on Yellow
27%
Ashemark
27%
Cornfield
27%
Prester
27%
Awake! Awake!
23%
Banefort
23%
Banefort
23%
Blue Rooster on Yellow
23%
Orange Burning Tree on Grey
23%
Purple Unicorn on Silver
23%
6 Seashells, White on Sand
19%
Serrett
19%
Faircastle
15%
Gold Coins in the Checks of a Checkered Purple and White
15%
Silverhill
15%
Brindled Black and White Boar on Brown
12%
Burning Bright
12%
Feastfires
12%
Hornvale
12%
Red Ox on Ermine
12%
Honor, Not Honors
8%
I Have No Rival
8%
None so Fierce
8%
Tireless
8%
Black Hooded Man on Grey, within Fiery Tressue
4%
Golden Pile on Blue, a Yellow Sun in Left Corner
4%
Peacock on Cream
4%
The Wind Our Steed
4%
No matching quizzes found
Score Distribution
Percent of People with Each Score
Percentile by Number Answered
Your Score History
You have not taken this quiz